Plan de ordenamiento y manejo de la cuenca del rio Cane- Iguaque (Registro nro. 7717)

Detalles MARC
000 -CABECERA
Campo de control 00912nam a22002297a 4500
005 - FECHA Y HORA DE LA ULTIMA TRANSACCION
Campo de control 20180803165507.0
008 - ELEMENTOS DE LONGITUD FIJA—INFORMACION GENERAL
Campo de control 131105b2006 ck ||||| |||| 00| 0 spa d
040 ## - FUENTE DE CATALOGACIÓN
Agencia catalogadora original CO-BoIAVH
Agencia transcriptora CO-BoIAVH
041 ## - IDIOMA
Código de idioma para texto/pista de sonido o título separado Español
044 ## - PAÍS DE PUBLICACIÓN
País de publicación Colombia
090 ## - CLASIFICACIÓN LOCAL
Colección IAVH
Consecutivo 01413
100 ## - ASIENTO PRINCIPAL--NOMBRE PERSONAL
Nombre personal Ramirez-Diana Patricia
245 ## - MENCION DE TITULO
Título Plan de ordenamiento y manejo de la cuenca del rio Cane- Iguaque
260 ## - PUBLICACION, DISTRIBUCION, ETC. (PIE DE IMPRENTA)
Lugar de publicación, distribución, etc. Bogota
Nombre del editor, distribuidor, etc. Instituto de Investigación de Recursos Biológicos Alexander von Humboldt
Fecha de publicación, distribución, etc. 2006
300 ## - DESCRIPCION FISICA
Extensión 345 p.
Dimensiones 21cm.
Material acompañante Cd
505 ## - NOTA DE CONTENIDO
Nota de contenido Principios del Pomca,los cincos ejes transversales del Pomca,las fases del Pomca Cane-Iguaque.
520 ## - NOTA DE RESUMEN, ETC.
Nota de resumen Plan de ordanamiento de la Cuenca-Iguaque,ejecucion del convenio 058 del 2004,como el convenio 033 del 2006.
650 ## - ASIENTO SECUNDARIO DE MATERIA - TERMINO TEMATICO
Término temático o nombre geográfico como elemento de entrada Biodiversidad
650 ## - ASIENTO SECUNDARIO DE MATERIA - TERMINO TEMATICO
Término temático o nombre geográfico como elemento de entrada Cuencas
Subdivisión geográfica Rio Cane-Iguaque
700 ## - ASIENTO SECUNDARIO - NOMBRE PERSONAL
Nombre personal Diana Patricia- Ramìrez .[et al].
942 ## - ELEMENTOS ADICIONALES (KOHA)
Sistema de clasificación Local
Tipo de ítem Informe Técnico
Existencias
Withdrawn status Lost status Sistema de Clasificación Damaged status No para préstamo Colección Inventariado Ubicación Permanente Ubicación actual Fecha de adquisición Total Checkouts Número topográfico Inventario / Código de Barras Date last seen Ejemplar Price effective from Forma de adquisición Tipo de material
    Local     Humboldt Inventariado 2017 Bogotá Bogotá 05/11/2013   IAVH-01413 059190 09/08/2024 Ej. 1 05/11/2013   Informe Técnico